000 00936cam a22002774a 4500
001 12441741
005 20171211050515.0
008 010614s2002 ilua b 001 0 eng
010 _a 2001039322
020 _a156793160X (alk. paper)
035 _a(DNLM)101120584
040 _aDNLM/DLC
_cDLC
_dDLC
041 _aeng
042 _apcc
060 1 0 _a658 ROS
_bR823L 2001
080 _a658 ROS
082 0 0 _a362.1/068
_221
100 1 _a54
101 _aLID
245 1 0 _aLeadership for the future :
_cAustin Ross, Frederick J. Wenzel, Joseph W. Mitlyng.
504 _aIncludes bibliographical references (p. 371-374) and index.
906 _a7
_bcbc
_corignew
_d1
_eocip
_f20
_gy-gencatlg
942 _2ddc
_cBK
999 _c38852
_d38852